| 000 | 00773cam a22001814a 4500 | ||
|---|---|---|---|
| 005 | 20250605164145.0 | ||
| 008 | 250528s ||||||||||||||||||||||||d | ||
| 035 | _a19155 | ||
| 040 |
_aGR-AtMCL _bgre _dGR-AtMCL _eAACR2 |
||
| 245 | 1 | _aThe Yellow Pages of Undergraduate Innovations / A Guide to Innovations in Higher Education | |
| 260 |
_bClarendon Press, _c1974 |
||
| 300 | _a248 | ||
| 520 | _aIndex, Why These Yellow Pages? Identifying Innovation in Undergraduate Education, How to Use This Directory, Instructional Innovations, Curricular Innovations, Institutional Innovations, Subject Index: a Through W, Partial List of Change Agencies in Higher Education, Questionnaire. | ||
| 700 | 1 |
_aMaas James B _95394 |
|
| 942 | _cBK | ||
| 999 |
_c4432 _d4432 |
||